000 00690nam a2200241Ia 4500
003 OSt
005 20220928130624.0
006 a|||||r|||| 00| 0
007 ta
008 220927b |||||||| |||| 00| 0 eng d
024 _a66570
037 _cTextual
040 _aSDCL
_cSDCL
_beng
041 _2eng
_aeng
082 _aO15,1L43:g, P6
100 _aWadekar ML Ed.
_9475144
245 0 _aContribution of Rama candra pandita to sanskrit literature
260 _aDelhi
_bBharatiya Kala Prakashan
_c2006
300 _axxii,117p.
_ccm.
650 _aCriticism Ramacandra
_9475145
942 _hO15,1L43:g, P6
_cTEXL
_2CC
999 _c787687
_d787687